[Event "THA-ch (Women)"]
[Site "Bangkok"]
[Date "2024.04.21"]
[Round "9"]
[White "Khuijanthuek, Kannika"]
[Black "Siripatvanich, Nonglak"]
[Result "0-1"]
[WhiteElo "1450"]
[BlackElo "1536"]
[PlyCount "48"]
[EventDate "2024.04.17"]
[EventType "swiss"]
[EventRounds "9"]
[EventCountry "THA"]
[SourceTitle "CBM 220 Extra"]
[Source "ChessBase"]
[SourceDate "2024.07.31"]
[SourceVersion "1"]
[SourceVersionDate "2024.07.31"]
[SourceQuality "1"]

1. f4 d5 2. b3 Nf6 3. Bb2 c5 4. d3 Nc6 5. Nc3 e6 6. Qd2 d4 7. Ne4 Nd5 8. 0-0-0 f5 9. Ng3 Bd6 10. Nf3 Bxf4 11. e3 Bxe3 12. Kb1 Bxd2 13. Rxd2 0-0 14. Be2 e5 15. c4 dxc3 16. Bxc3 Nxc3+ 17. Ka1 Nxe2 18. Nxe2 Nd4 19. Nfxd4 cxd4 20. Rc2 e4 21. dxe4 d3 22. Rd2 Qf6+ 23. Nc3 Qxc3+ 24. Kb1 Qxd2 0-1

[Event "THA-ch (Women)"]
[Site "Bangkok"]
[Date "2024.04.20"]
[Round "7"]
[White "Siripatvanich, Nonglak"]
[Black "Kaenratana, Pannathon"]
[Result "1-0"]
[WhiteElo "1536"]
[BlackElo "1507"]
[PlyCount "53"]
[EventDate "2024.04.17"]
[EventType "swiss"]
[EventRounds "9"]
[EventCountry "THA"]
[SourceTitle "CBM 220 Extra"]
[Source "ChessBase"]
[SourceDate "2024.07.31"]
[SourceVersion "1"]
[SourceVersionDate "2024.07.31"]
[SourceQuality "1"]

1. e4 e5 2. Nf3 Nc6 3. Bb5 a6 4. Ba4 Bc5 5. c3 Qe7 6. 0-0 Nf6 7. d4 exd4 8. e5 Nd5 9. cxd4 Bb6 10. Bb3 Nxd4 11. Nxd4 c6 12. Nf5 Qf8 13. Nd6+ Kd8 14. Bxd5 cxd5 15. Qxd5 Kc7 16. Bf4 Kb8 17. Rc1 Ka7 18. Nc3 Qe7 19. Na4 Bxf2+ 20. Kxf2 Qh4+ 21. Bg3 Qxa4 22. Qc5+ Kb8 23. Nxc8 Rxc8 24. Qxc8+ Ka7 25. Qc5+ Kb8 26. e6+ d6 27. Bxd6# 1-0

[Event "THA-ch (Women)"]
[Site "Bangkok"]
[Date "2024.04.19"]
[Round "5"]
[White "Siripatvanich, Nonglak"]
[Black "Tawankanjana, Sasinat"]
[Result "0-1"]
[WhiteElo "1536"]
[BlackElo "1480"]
[PlyCount "124"]
[EventDate "2024.04.17"]
[EventType "swiss"]
[EventRounds "9"]
[EventCountry "THA"]
[SourceTitle "CBM 220 Extra"]
[Source "ChessBase"]
[SourceDate "2024.07.31"]
[SourceVersion "1"]
[SourceVersionDate "2024.07.31"]
[SourceQuality "1"]

1. e4 e5 2. Nf3 Nc6 3. Bb5 Nf6 4. 0-0 Nxe4 5. Re1 Nd6 6. Nxe5 Nxe5 7. Nc3 Be7 8. Rxe5 0-0 9. Bd3 Bf6 10. Re3 c6 11. Bxh7+ Kh8 12. Qh5 Bg5 13. Bd3+ Bh6 14. b3 Ne8 15. Ne4 d5 16. Ng3 Nf6 17. Qh4 Ng4 18. Qxd8 Rxd8 19. Re7 Kg8 20. Nf5 Bg5 21. Re2 Bf6 22. Rb1 Ne5 23. Ng3 Nxd3 24. cxd3 g6 25. Bb2 d4 26. Rbe1 Be6 27. Ne4 Be7 28. h3 b6 29. Ng3 a5 30. Rc1 c5 31. Kf1 Kf8 32. Ke1 a4 33. bxa4 Rxa4 34. a3 Bd7 35. Kd1 b5 36. Ne4 Rc8 37. Re1 f5 38. Ng3 Bc6 39. Re6 Kf7 40. Rxc6 Rxc6 41. Ke2 Bf6 42. Kd1 c4 43. Ne2 Rd6 44. dxc4 bxc4 45. Ke1 Re6 46. Kd1 Rxe2 47. Kxe2 d3+ 48. Ke3 Bxb2 49. Rb1 Bxa3 50. Rb7+ Ke6 51. Rb6+ Bd6 52. Kd4 Kd7 53. Kd5 Bf4 54. Rxg6 Bxd2 55. Rg7+ Kd8 56. Rg8+ Ke7 57. g4 fxg4 58. hxg4 c3 59. g5 Kf7 60. Rc8 c2 61. f4 Bxf4 62. Rxc2 dxc2 0-1

[Event "THA-ch (Women)"]
[Site "Bangkok"]
[Date "2021.11.08"]
[Round "8"]
[White "Siripatvanich, Nonglak"]
[Black "Kaewwattha, Natrada"]
[Result "0-1"]
[WhiteElo "1079"]
[BlackElo "1179"]
[PlyCount "76"]
[EventDate "2021.11.05"]
[EventType "swiss"]
[EventRounds "9"]
[EventCountry "THA"]
[SourceTitle "CBM 205 Extra"]
[Source "ChessBase"]
[SourceDate "2022.01.31"]
[SourceVersion "1"]
[SourceVersionDate "2022.01.31"]
[SourceQuality "1"]

1. e4 c6 2. d4 d5 3. exd5 cxd5 4. Nf3 Nf6 5. h3 Bf5 6. Bd3 Bxd3 7. Qxd3 Qa5+ 8. c3 Qa6 9. Qxa6 Nxa6 10. 0-0 e6 11. Bf4 Be7 12. Nbd2 0-0 13. Rfe1 Rac8 14. Rac1 b5 15. a3 Nc7 16. Ne5 Na8 17. Bg5 Rfe8 18. Re3 Nb6 19. Re2 a5 20. Be3 b4 21. axb4 axb4 22. c4 dxc4 23. Ndxc4 Nxc4 24. Nxc4 b3 25. Ree1 Nd5 26. Nd2 Bb4 27. Rxc8 Rxc8 28. Rd1 Nxe3 29. fxe3 Bxd2 30. Rxd2 Rc2 31. Rd3 Rxb2 32. Rc3 g6 33. Kh2 Kg7 34. Rc4 Re2 35. Rc3 b2 36. Rb3 Kf6 37. Kg3 Rxe3+ 38. Kf2 Rxb3 0-1

[Event "THA-ch (Women)"]
[Site "Bangkok"]
[Date "2021.11.07"]
[Round "5"]
[White "Bootsumran, Sirin"]
[Black "Siripatvanich, Nonglak"]
[Result "1-0"]
[WhiteElo "1209"]
[BlackElo "1079"]
[PlyCount "139"]
[EventDate "2021.11.05"]
[EventType "swiss"]
[EventRounds "9"]
[EventCountry "THA"]
[SourceTitle "CBM 205 Extra"]
[Source "ChessBase"]
[SourceDate "2022.01.31"]
[SourceVersion "1"]
[SourceVersionDate "2022.01.31"]
[SourceQuality "1"]

1. e4 e5 2. Nf3 Nc6 3. Bb5 a6 4. Ba4 Nf6 5. 0-0 Be7 6. Re1 b5 7. Bb3 d6 8. h3 0-0 9. c3 Na5 10. Bc2 c5 11. d4 cxd4 12. cxd4 Nc6 13. a4 Bb7 14. Be3 Qc7 15. Nbd2 Rfc8 16. Rc1 Qd7 17. b3 Nb4 18. Bb1 Rxc1 19. Qxc1 exd4 20. Nxd4 bxa4 21. Qa3 a5 22. bxa4 d5 23. Nf5 Bf8 24. Qb3 Nxe4 25. Nxe4 dxe4 26. Ng3 Rd8 27. Bxe4 Bxe4 28. Nxe4 Re8 29. Rd1 Qc7 30. Nc3 h6 31. Nb5 Qe5 32. Bb6 Bc5 33. Bxc5 Qxc5 34. Nd6 Rd8 35. Qxf7+ Kh8 36. Qg6 Rf8 37. Nf7+ Kg8 38. Nxh6+ Kh8 39. Ng4 Nc6 40. Qd6 Qxd6 41. Rxd6 Ne7 42. Ne5 Rb8 43. Ra6 Rb1+ 44. Kh2 Rb2 45. Ng4 Nd5 46. Rxa5 Nc3 47. Ra8+ Kh7 48. a5 Ra2 49. a6 Nb5 50. Rb8 Nc7 51. Rb7 Nxa6 52. Ra7 Ra4 53. Kg3 Kg6 54. Ne5+ Kf5 55. Nc6 g5 56. Nb8 Nc5 57. Rxa4 Nxa4 58. Nc6 Nc3 59. Nd4+ Ke4 60. f3+ Ke5 61. Kg4 Kxd4 62. Kxg5 Ke5 63. h4 Nd5 64. h5 Nf6 65. g4 Ke6 66. Kg6 Ke7 67. h6 Ke6 68. h7 Nxh7 69. Kxh7 Kf6 70. Kh6 1-0

[Event "THA-ch (Women)"]
[Site "Bangkok"]
[Date "2021.11.05"]
[Round "1"]
[White "Pinphetsawan, Sirikwan"]
[Black "Siripatvanich, Nonglak"]
[Result "0-1"]
[WhiteElo "1448"]
[BlackElo "1079"]
[PlyCount "108"]
[EventDate "2021.11.05"]
[EventType "swiss"]
[EventRounds "9"]
[EventCountry "THA"]
[SourceTitle "CBM 205 Extra"]
[Source "ChessBase"]
[SourceDate "2022.01.31"]
[SourceVersion "1"]
[SourceVersionDate "2022.01.31"]
[SourceQuality "1"]

1. e4 e5 2. Nf3 Nc6 3. d4 exd4 4. Nxd4 Bc5 5. Be3 Qf6 6. c3 Nge7 7. Be2 Qg6 8. Bf3 Ne5 9. Qe2 d6 10. h3 0-0 11. Nd2 Bd7 12. 0-0-0 a6 13. Bh5 Qf6 14. f4 N5c6 15. Nxc6 Bxc6 16. Bxc5 dxc5 17. Rhf1 Rad8 18. e5 Qe6 19. b3 Nd5 20. Kb2 b5 21. c4 Nb6 22. Bg4 Qh6 23. Bf3 Bxf3 24. Qxf3 bxc4 25. Nxc4 Nxc4+ 26. bxc4 Qb6+ 27. Ka1 Rb8 28. Rb1 Qa5 29. f5 Rxb1+ 30. Rxb1 h6 31. Qe3 Rd8 32. e6 fxe6 33. fxe6 Rd2 34. a3 Rd8 35. e7 Re8 36. Rd1 Kf7 37. Rf1+ Kg8 38. Ka2 Qb6 39. Qe4 Qd6 40. Re1 Qd2+ 41. Kb3 Rb8+ 42. Ka4 Rb4+ 43. Ka5 Rxc4+ 44. Kxa6 Qd6+ 45. Kb7 Rxe4 46. e8Q+ Rxe8 47. Rxe8+ Kf7 48. Ra8 Qb6+ 49. Kc8 Ke7 50. a4 Qc6 51. Ra7 Kd6 52. a5 c4 53. a6 c3 54. Rb7 Qe8# 0-1